[Event "SRI-chT"]
[Site "Colombo"]
[Date "2023.07.28"]
[Round "1.3"]
[White "Munasinghe, Thisura"]
[Black "Perera, WCC"]
[Result "1/2-1/2"]
[WhiteElo "1878"]
[BlackElo "2079"]
[PlyCount "76"]
[EventDate "2023.07.28"]
[EventType "team-tourn"]
[EventRounds "9"]
[EventCountry "SRI"]
[SourceTitle "CBM 215 Extra"]
[Source "ChessBase"]
[SourceDate "2023.09.30"]
[SourceVersion "1"]
[SourceVersionDate "2023.09.30"]
[SourceQuality "1"]
[WhiteTeam "Anandians CC"]
[BlackTeam "Laeufer CC"]
[WhiteTeamCountry "SRI"]
[BlackTeamCountry "SRI"]

1. d4 g6 2. Nf3 Bg7 3. g3 Nf6 4. Bg2 0-0 5. 0-0 d6 6. c4 a6 7. Nc3 Nc6 8. Re1 Rb8 9. Rb1 Bg4 10. h3 Bd7 11. e4 e5 12. dxe5 dxe5 13. Nd5 Ne8 14. Be3 f6 15. b4 b6 16. Qb3 Rf7 17. Rbd1 Qc8 18. Kh2 Be6 19. a3 Kh8 20. Qc3 Nd6 21. Qc2 Ne8 22. c5 b5 23. Bd2 Bf8 24. Bc3 Ng7 25. Rd2 Qe8 26. Red1 Rd8 27. Bf1 Rdd7 28. a4 Na7 29. axb5 axb5 30. Ra1 c6 31. Nb6 Rxd2 32. Qxd2 Rc7 33. Qb2 Qf7 34. Qd2 Be7 35. Ra3 Kg8 36. Bb2 Nh5 37. Qc1 Bf8 38. Qa1 h6 1/2-1/2

[Event "SRI-chB"]
[Site "Colombo"]
[Date "2016.03.20"]
[Round "8"]
[White "Weerasinghe, CC."]
[Black "Munasinghe, Thisura"]
[Result "0-1"]
[WhiteElo "1736"]
[BlackElo "1883"]
[PlyCount "66"]
[EventDate "2016.03.12"]
[EventType "swiss"]
[EventRounds "10"]
[EventCountry "SRI"]
[SourceTitle "CBM 171 Extra"]
[Source "ChessBase"]
[SourceDate "2016.04.26"]
[SourceVersion "1"]
[SourceVersionDate "2016.04.26"]
[SourceQuality "1"]

1. d4 d5 2. Nf3 Nf6 3. Bf4 Bf5 4. e3 e6 5. Nbd2 h6 6. c4 c6 7. Qb3 Qc8 8. Rc1 Nbd7 9. h3 Be7 10. Be2 Ne4 11. 0-0 g5 12. Bh2 h5 13. Nxe4 dxe4 14. Nd2 g4 15. hxg4 hxg4 16. d5 Qd8 17. Qxb7 Rxh2 18. Kxh2 Bd6+ 19. Kg1 Rb8 20. Qxc6 Rb6 21. c5 Rxc6 22. dxc6 Nxc5 23. Nc4 Bc7 24. Rfd1 Nd3 25. Rc3 Qh4 26. Bxd3 Qh2+ 27. Kf1 exd3 28. Ke1 Qg1+ 29. Kd2 Qxf2+ 30. Kc1 Qxg2 31. Nd2 g3 32. e4 Bxe4 33. Nxe4 Qxe4 0-1

[Event "SRI-chB"]
[Site "Colombo"]
[Date "2016.03.13"]
[Round "4"]
[White "Lakshitha, HH Sasindu"]
[Black "Munasinghe, Thisura"]
[Result "1/2-1/2"]
[WhiteElo "1705"]
[BlackElo "1883"]
[PlyCount "68"]
[EventDate "2016.03.12"]
[EventType "swiss"]
[EventRounds "10"]
[EventCountry "SRI"]
[SourceTitle "CBM 171 Extra"]
[Source "ChessBase"]
[SourceDate "2016.04.26"]
[SourceVersion "1"]
[SourceVersionDate "2016.04.26"]
[SourceQuality "1"]

1. d4 Nf6 2. c4 c6 3. Nf3 d5 4. Nc3 dxc4 5. a4 Bf5 6. e3 e6 7. Bxc4 Bb4 8. 0-0 0-0 9. Qb3 Qe7 10. Bd2 a5 11. Ne5 Nbd7 12. Nxd7 Qxd7 13. Rad1 Qc7 14. Ne2 Ng4 15. g3 Bxd2 16. Rxd2 Nf6 17. Nc3 h5 18. h4 Kh8 19. Bd3 Bg4 20. Be2 Rad8 21. Rfd1 Bf5 22. Bf3 Bg4 23. Bxg4 Nxg4 24. Ne4 Rd5 25. Nc3 Rf5 26. Kg2 Rf6 27. Ne4 Rg6 28. Qa3 Rd8 29. Qc5 f5 30. Ng5 Rf6 31. d5 exd5 32. Rxd5 Rxd5 33. Rxd5 b6 34. Qc2 Ne5 1/2-1/2

[Event "SRI-chB"]
[Site "Colombo"]
[Date "2016.03.12"]
[Round "2"]
[White "Munasinghe, Thisura"]
[Black "Rajapakse, Rmcm"]
[Result "1/2-1/2"]
[WhiteElo "1883"]
[BlackElo "2086"]
[PlyCount "65"]
[EventDate "2016.03.12"]
[EventType "swiss"]
[EventRounds "10"]
[EventCountry "SRI"]
[SourceTitle "CBM 171 Extra"]
[Source "ChessBase"]
[SourceDate "2016.04.26"]
[SourceVersion "1"]
[SourceVersionDate "2016.04.26"]
[SourceQuality "1"]

1. d4 Nf6 2. c4 g6 3. Nc3 Bg7 4. e4 d6 5. Nf3 0-0 6. Be2 e5 7. 0-0 Nc6 8. d5 Ne7 9. Ne1 Ne8 10. Nd3 f5 11. Bd2 Nf6 12. f3 f4 13. c5 g5 14. cxd6 cxd6 15. Nf2 Rf7 16. a4 Bf8 17. Nb5 a6 18. Na3 Rg7 19. Rc1 h5 20. h3 Ng6 21. Qb3 Nh4 22. Rc2 g4 23. hxg4 hxg4 24. fxg4 Bxg4 25. Bxg4 Nxg4 26. Nxg4 Rxg4 27. Be1 f3 28. Bxh4 Qxh4 29. Qxf3 Rf4 30. Qh3 Qxh3 31. gxh3 Rxe4 32. Rc7 Re8 33. Nc4 1/2-1/2

[Event "Ambalangoda Dhamso op 4th"]
[Site "Ambalangoda"]
[Date "2014.05.03"]
[Round "7"]
[White "Priyadarshana, Y Danushka"]
[Black "Munasinghe, Thisura"]
[Result "0-1"]
[WhiteElo "1604"]
[BlackElo "1831"]
[PlyCount "100"]
[EventDate "2014.04.30"]
[EventType "swiss"]
[EventRounds "9"]
[EventCountry "SRI"]
[SourceTitle "CBM 160 Extra"]
[Source "ChessBase"]
[SourceDate "2014.07.01"]
[SourceVersion "1"]
[SourceVersionDate "2014.07.01"]
[SourceQuality "1"]

1. e4 e6 2. d4 d5 3. exd5 exd5 4. Nf3 Bd6 5. Bd3 Nc6 6. c3 Bg4 7. h3 Bh5 8. Be3 Nge7 9. Nbd2 f6 10. Qc2 Qd7 11. Nh4 g5 12. Nf5 Bg6 13. Nxd6+ Qxd6 14. Bxg6+ Nxg6 15. 0-0-0 0-0-0 16. g3 Nce7 17. Rdf1 Qd7 18. Nb3 b6 19. g4 Qd6 20. Qd2 h5 21. f4 hxg4 22. f5 Nxf5 23. Rxf5 gxh3 24. Bxg5 fxg5 25. Qxg5 Rdf8 26. Qg4 Qd7 27. Rxf8+ Nxf8 28. Qxd7+ Kxd7 29. Kd2 Ke6 30. Ke3 Kf5 31. Kf3 Ne6 32. Nd2 Ng5+ 33. Ke2 Re8+ 34. Kf2 Kf4 35. Rh2 Kg4 36. Rh1 Rf8+ 37. Kg1 Nf3+ 38. Nxf3 Rxf3 39. Rh2 Kg3 40. Re2 Rd3 41. Re1 c6 42. a4 a6 43. Rc1 Rd2 44. b3 h2+ 45. Kh1 Rg2 46. c4 Rg1+ 47. Rxg1+ hxg1Q+ 48. Kxg1 Kf3 49. Kf1 Ke3 50. c5 b5 0-1